Prices and markets (Record no. 54438)

MARC details
000 -LEADER
fixed length control field 00480nam a2200133 a 4500
008 - FIXED-LENGTH DATA ELEMENTS--GENERAL INFORMATION
fixed length control field 120416s1967 ||||||||||||||||| || u
050 ## - LIBRARY OF CONGRESS CALL NUMBER
Classification number HB 201 Dor
100 ## - MAIN ENTRY--PERSONAL NAME
Personal name Dorfman, Robert
245 10 - TITLE STATEMENT
Title Prices and markets
260 ## - PUBLICATION, DISTRIBUTION, ETC.
Place of publication, distribution, etc. Englewood Cillfs, N. J.
Name of publisher, distributor, etc. FT Prentice-Hall
Date of publication, distribution, etc. 1967
300 ## - PHYSICAL DESCRIPTION
Extent viii, 151p. : ill.
350 ## - PRICE (NR) (BK AM CF MU VM SE) [OBSOLETE]
Price 0.00
995 ## - RECOMMENDATION 995 [LOCAL, UNIMARC FRANCE]
-- 0.00
-- CBU-MAIN LIBRARY (Kitwe)
-- 1
-- 0.00
-- AVAILABLE
-- Main Library Open Access Collection
Holdings
Withdrawn status Lost status Source of classification or shelving scheme Damaged status Not for loan Home library Current library Shelving location Date acquired Total Checkouts Full call number Barcode Date last seen Price effective from Koha item type
          CBU-MAIN LIBRARY, KITWE. CBU-MAIN LIBRARY, KITWE.   11/30/2022   HB 201 Dor 001961 11/30/2022 11/30/2022 MONOGRAPH